书目信息 |
| 题名: |
百年孤独
|
|
| 作者: | 马尔克斯 著 ;范晔 译 | |
| 分册: | ||
| 出版信息: | 海口 南海出版公司 2017 |
|
| 页数: | 360页 | |
| 开本: | 22cm | |
| 丛书名: | ||
| 单 册: | ||
| 中图分类: | I775.45 | |
| 科图分类: | ||
| 主题词: | 长篇小说--哥伦比亚--现代 | |
| 电子资源: | ||
| ISBN: | 978-7-5442-9117-0 | |
| 000 | 01497nam0 2200265 450 | |
| 001 | 012001001609 | |
| 005 | 20140921103355.0 | |
| 010 | @a978-7-5442-9117-0@b精装@dCNY55.00 | |
| 100 | @a20171018d2017 em y0chiy50 ea | |
| 101 | 1 | @achi@cspa |
| 102 | @aCN@b460000 | |
| 105 | @ay z 000ay | |
| 106 | @ar | |
| 200 | 1 | @a百年孤独@9bai nian gu du@f加西亚·马尔克斯著@g范晔译 |
| 210 | @a海口@c南海出版公司@d2017 | |
| 215 | @a360页@d22cm | |
| 305 | @a译自原书第2版 | |
| 314 | @a加西亚·马尔克斯(GarcíaMárquez),哥伦比亚作家,魔幻现实主义文学代表人物。1927年出生于哥伦比亚马格达莱纳海滨小镇阿拉卡塔卡。童年与外祖父母一起生活。1936年随父母迁居苏克雷。1947年考入波哥大国立大学。1948年进入报界。五十年代开始出版文学作品。六十年代初移居墨西哥。1967年出版《百年孤独》。1982年获诺贝尔文学奖。其作品被认为是“20世纪的文学标杆”,影响滋养了几代中文作家。 | |
| 330 | @a《百年孤独》是魔幻现实主义文学的代表作,描写了布恩迪亚家族七代人的传奇故事,以及加勒比海沿岸小镇马孔多的百年兴衰,反映了拉丁美洲一个世纪以来风云变幻的历史。作品融入神话传说、民间故事、宗教典故等因素,巧妙地糅合了现实与虚幻,展现出一个瑰丽的想象世界,成为20世纪重要的经典文学巨著。1982年加西亚·马尔克斯获得诺贝尔文学奖,奠定世界级文学大师的地位,很大程度上便是凭借《百年孤独》的巨大影响。 | |
| 606 | 0 | @a长篇小说@y哥伦比亚@z现代 |
| 690 | @aI775.45@v5 | |
| 701 | 1 | @c(哥伦)@a马尔克斯@9ma er ke si@c(Marquez, Gabriel Garcia@f1927-)@4著 |
| 702 | 0 | @a范晔@9fan ye@4译 |
| 801 | 0 | @aCN@b上海新华@c20180901 |
| 905 | @b1152102-6@dI775.45@e66@f5 | |
| 百年孤独/加西亚·马尔克斯著/范晔译.-海口:南海出版公司,2017 |
| 360页;22cm |
| ISBN 978-7-5442-9117-0(精装):CNY55.00 |
| 《百年孤独》是魔幻现实主义文学的代表作,描写了布恩迪亚家族七代人的传奇故事,以及加勒比海沿岸小镇马孔多的百年兴衰,反映了拉丁美洲一个世纪以来风云变幻的历史。作品融入神话传说、民间故事、宗教典故等因素,巧妙地糅合了现实与虚幻,展现出一个瑰丽的想象世界,成为20世纪重要的经典文学巨著。1982年加西亚·马尔克斯获得诺贝尔文学奖,奠定世界级文学大师的地位,很大程度上便是凭借《百年孤独》的巨大影响。 |
| ● |
| 相关链接 |
|
|
|
|
正题名:百年孤独
索取号:I775.45/66
 
预约/预借
| 序号 | 登录号 | 条形码 | 馆藏地/架位号 | 状态 | 备注 |
| 1 | 1152102 | 211521021 | 第一样本阅览室/ [索取号:I775.45/66] | 在馆 | |
| 2 | 1152103 | 211521030 | 第二借阅区/ [索取号:I775.45/66] |
已借出,限还日期为2025.11.25 借出人:王刚 |
|
| 3 | 1152104 | 211521049 | 第二借阅区/ [索取号:I775.45/66] | 在馆 | |
| 4 | 1152105 | 211521058 | 第二借阅区/ [索取号:I775.45/66] |
已借出,限还日期为2023.09.18 借出人:傅晓光 |
|
| 5 | 1152106 | 211521067 | 密集书库-文学院/ [索取号:I775.45/66] | 在馆 |